| 000 | 00891cam a2200277 4500 | ||
|---|---|---|---|
| 001 | 830991 | ||
| 003 | ARRUPE | ||
| 005 | 20150121115545.0 | ||
| 008 | 700318s1969 tz b 000 0 eng | ||
| 010 | _a 77010085 | ||
| 020 | _a0836116046 | ||
| 040 |
_aDLC _cDLC _dDLC |
||
| 043 | _afe----- | ||
| 050 | 0 | 0 |
_aBV4140.A4 _bM5 |
| 082 | 0 | 0 | _a207/.67 |
| 100 | 1 |
_aMiller, Paul M. _914449 |
|
| 245 | 1 | 0 |
_aEquipping for ministry in East Africa, _cby Paul M. Miller. |
| 260 |
_aDodoma, Tanzania, _bCentral Tanganyika Press; _aScottdale, Pa., _bHerald Press _c[c1969] |
||
| 300 |
_a231 p. _c21 cm. |
||
| 504 | _aBibliography: p. 219-228. | ||
| 650 | 0 |
_aTheology _xStudy and teaching _zAfrica, East. _914450 |
|
| 650 | 0 |
_aPastoral theology _zAfrica, East. _914451 |
|
| 650 | 0 |
_aChristianity _zAfrica, East. _914452 |
|
| 906 |
_a7 _bcbc _corignew _du _encip _f19 _gy-gencatlg |
||
| 942 |
_2lcc _cMONOGRAPH |
||
| 999 |
_c121841 _d121841 |
||